000 00715nas a2200229 4500
001 BR9101878
003 BR-BrBNA
005 20231205092009.0
007 ta
008 230509b bl.|||p| |||| 00| 00por d
040 _aBR-BrBNA
_bpor
_cBiblioteca Nacional de Agricultura
041 _a(Pt)
072 _aF70
100 1 _aLeonhardt, C.
100 1 _aManeti, M.A.T.
245 1 _aConsideracoes baseadas na literatura sobre algumas plantas ornamentais toxicas. Final
650 _aPLANTA ORNAMENTAL
650 _aTAXONOMIA VEGETAL
773 0 _tLavoura Arrozeira (Brazil)
_xISSN 0023-9143
_g(Mar-Apr 1986), v. 39(364) p. 20-23
_wBR9101878
909 _a202311
_bLúcia
_c55
_dLúcia Elande
942 _2AGRIS
_n0
_cANA
999 _c128609
_d128609